000 00757nam a2200205Ia 4500
001 dg81-36936
003 IT-MiCISF
008 161014s9999||||xx |||||||||||||| ||und||
040 _aIT-MiCISF
_cIT-MiCISF
041 _ait
100 _aAA.VV.
245 0 _aI numeri italiani
_bInfanzia e adolescenza in cifre
250 _a1a ed.
260 _a Firenze
_bIstituto degli Innocenti
_c2002
300 _app. 339
500 _aCentro nazionale di documentazione e analisi per l'infanzia e l'adolescenza / famiglia, statistica, aborto, figli-divorzio, adozione, famiglia-migranti, infanzia, scuola, servizi-infanzia, handicap, aids, mortalità, suicidio, abuso-di-minore / documento
650 _apopolazione
942 _cBK
957 _71
999 _a36936
_bsi
_g1
_c209118
_d209118